000 01374nam0a22003251 4500
001 rc\3695987
005 20170126160555.0
021 _aRU
_b[70-88960]
035 _a(NLR Aleph) 007851833
090 _a7781814
_c7781814
100 _a20130115d1970 |||y0rusy50 ca
101 0 _arus
102 _aRU
105 _ay z |||||
200 1 _aСущность и историческое значение научно-технической революции
_fОтд. пропаганды и агитации Новосиб. обкома КПСС
210 _aНовосибирск
_cБ. и.
_d1970
215 _a49 с.
_d20
225 1 _aВ помощь пропагандистам и лекторам
300 _aПеред загл. авт.: В.С. Киприянов, П.Ф. Марченко, Ю.Д. Мишин. На обл. авт. не указаны
606 _aТехнический прогресс
_2psbo
606 _aНаука
_2psbo
700 1 _aКиприянов
_bВ. С.
_gВиталий Степанович
701 1 _aМарченко
_bП. Ф.
_gПетр Федотович
701 1 _aМишин
_bЮ. Д.
_cканд. филос. наук
_gЮрий Дмитриевич
_3RU\NLR\AUTH\770168643
801 0 _aRU
_bNLR
_gpsbo
801 1 _aRU
_bELAR
_2rusmarc
852 _aNLR
_j70-4/28279
942 _cBOOK
980 _aNB